000 00874 a2200253 4500
001 35749
005 20260407155637.0
008 260407a1997 arg spa d
003 AR-UNSa-BCEJYS
040 _aAR-UNSa-BCEJYS
_bspa
_cAR-UNSa-BCEJYS
080 _a336.74
_xMoneda. Sistema monetario
245 1 0 _aConvertibilidad
_pfundamentación y funcionamiento
020 _a987-96318-0-3
264 1 _aBuenos Aires :
_bCema Instituto Universitario
_c1997
300 _a230 p.
_c23 cm.
505 _a1. Hiperinflación - 2. Convertibilidad - 3. Política comercial - 4. Miscelánea
041 _aspa
942 _cBK
590 _aniveau_biblio:m niveau_hierar:0
100 1 _aÁvila, Jorge C.
700 1 _aAlmansi, Aquiles A.
700 1 _aRodríguez, Carlos A.
856 4 1 _uhttps://biblioeco.unsa.edu.ar/pmb/images/libros/L85630.jpg
_yImagen de portada
_qimage/jpeg
999 _c2577
_d2577